000 00805nas a2200277 4500
001 BR8704538
003 BR-BrBNA
005 20231205090714.0
007 ta
008 230509b bl.|||p| |||| 00| 00por d
040 _aBR-BrBNA
_bpor
_cBiblioteca Nacional de Agricultura
041 _a(Pt)
072 _aQ02; Q04
100 1 _aGuimaraes, F.A.
100 1 _aHolanda, L.F.F. de
100 1 _aMaia, G.A.
100 1 _aFe, J. de A.M.
245 1 _aTecnologia do nectar de pitanga (Eugenia uniflora, L.)
650 _aPITANGA
650 _aNECTAR
650 _aTECNOLOGIA DE ALIMENTO
650 _aCOMPOSICAO DE ALIMENTO
773 0 _tCiencia Agronomica (Brazil)
_xISSN 0045-6888
_g(Dec 1982), v. 13(1) p. 71-75
_wBR8704538
909 _a202311
_bLúcia
_c55
_dLúcia Elande
942 _2AGRIS
_n0
_cANA
999 _c120363
_d120363